[Event "Politiken Cup 25th"]
[Site "Copenhagen"]
[Date "2003.07.22"]
[Round "8"]
[White "Byklum, Bjornar"]
[Black "Carlsen, Magnus"]
[Result "1/2-1/2"]
[WhiteElo "2214"]
[BlackElo "2385"]
[PlyCount "80"]
[EventDate "2003.07.14"]
[EventType "swiss"]
[EventRounds "11"]
[EventCountry "DEN"]
[SourceTitle "CBM 095 Extra"]
[Source "ChessBase"]
[SourceDate "2003.09.04"]
[SourceVersion "1"]
[SourceVersionDate "2003.09.04"]
[SourceQuality "1"]

1. e4 c5 2. g3 d5 3. exd5 Qxd5 4. Nf3 Bg4 5. Bg2 Qe6+ 6. Kf1 Nc6 7. h3 Bh5 8. Nc3 Nf6 9. d3 Qd7 10. g4 Bg6 11. Bf4 e6 12. Ne5 Nxe5 13. Bxe5 Bd6 14. Bxd6 Qxd6 15. b3 O-O-O $146 ({RR} 15... Rb8 16. Rb1 O-O 17. Qe2 Nd5 18. Nxd5 exd5 19. Re1 c4 20. dxc4 dxc4 21. bxc4 Qd7 22. Bd5 Rfe8 23. Qf3 Rxe1+ 24. Kxe1 b5 25. Kf1 bxc4 26. Bxc4 Bxc2 27. Kg2 Rc8 28. Bd5 Rc5 29. Re1 {½-½ (29) Lie,E (2357)-Gabrielsen,T (2235) Moss 2006}) 16. a4 Nd5 17. Nxd5 exd5 18. a5 a6 19. Rb1 Rhe8 20. Qd2 Re7 21. Bf3 f5 22. g5 f4 23. b4 c4 24. b5 cxd3 25. cxd3 axb5 26. Rxb5 Qe5 27. d4 Qd6 28. Rxd5 Qa6+ 29. Kg2 Rxd5 30. Bxd5 Qd6 31. Bf3 Kb8 32. Rc1 Be4 33. Bxe4 Rxe4 34. Qc3 Re8 35. Qc5 Qd7 36. Rc3 Ka8 37. Rf3 Re4 38. Qf8+ Ka7 39. Qc5+ Ka8 40. Qf8+ Ka7 1/2-1/2

[Event "Politiken Cup 25th"]
[Site "Copenhagen"]
[Date "2003.07.23"]
[Round "9"]
[White "Carlsen, Magnus"]
[Black "Harestad, Hans Krogh"]
[Result "1-0"]
[WhiteElo "2385"]
[BlackElo "2249"]
[PlyCount "75"]
[EventDate "2003.07.14"]
[EventType "swiss"]
[EventRounds "11"]
[EventCountry "DEN"]
[SourceTitle "CBM 095 Extra"]
[Source "ChessBase"]
[SourceDate "2003.09.04"]
[SourceVersion "1"]
[SourceVersionDate "2003.09.04"]
[SourceQuality "1"]

1. e4 {Wedberg,Tom} e5 2. Nf3 Nc6 3. Bb5 a6 4. Ba4 Nf6 5. O-O b5 6. Bb3 Be7 7. Re1 d6 8. c3 O-O 9. h3 Na5 10. Bc2 c5 11. d4 Qc7 12. Nbd2 Nc6 13. d5 Nd8 14. a4 Ra7 ({RR} 14... Qb7 15. Nf1 Ne8 16. N3h2 f6 17. b3 ({RR} 17. Ng3 g6 18. f4 exf4 19. Bxf4 Nf7 20. Nf3 Bd7) 17... Nf7 18. f4 exf4 19. Bxf4 Ne5 20. Ne3 g6 21. Neg4 Bxg4 22. Nxg4 Nxg4 23. hxg4 ({RR} 23. Qxg4 Ng7) 23... Nc7 24. Rf1 Rf7 25. Qf3 b4 26. Bd2 ({RR} 26. c4) 26... a5 27. cxb4 cxb4 28. Rac1 Raf8 ({RR} 28... Na6) 29. Bd3 {Svidler,P (2710)-Piket,J (2605) Tilburg 1998 EXT 1999 [Wedberg,Tom] 1-0 (47)}) 15. Nf1 ({RR} 15. b4 cxb4 16. cxb4 a5 17. axb5 axb4 18. Rxa7 Qxa7 19. Nb3 Bd7 20. Be3 Qb8 21. b6 Nb7 22. Qa1 Rc8 23. Qa7 Nc5 24. Qxb8 Rxb8 25. Nxc5 dxc5 26. Nxe5 Rxb6 27. Nc4 Ra6 28. f3 Bb5 29. Bb3 Nd7 {Vogt,L (2401)-Bentsen,H (2071) Fornebu 2017 ½-½ (37)}) 15... g6 $146 ({RR} 15... Ne8 16. Ng3 g6 17. Bh6 Ng7 18. Nh2 f6 19. Qe2 Bd7 20. axb5 axb5 21. Bd3 c4 22. Bc2 Nf7 23. Be3 Ra5 24. Ng4 Rfa8 25. Rxa5 Rxa5 26. Nh6+ Nxh6 27. Bxh6 Ra2 28. Rb1 Qa5 29. Qd1 Bd8 30. Be3 {Elseth,R (2358)-Harestad,H (2196) Panormo 2001 1-0 (59)}) ({RR} 15... Ne8 16. Be3 f6 17. Bd3 Bd7 18. axb5 axb5 19. Qe2 Rxa1 20. Rxa1 Qb7 21. b4 Nf7 22. Qa2 Nc7 23. Qa7 Qxa7 24. Rxa7 Rc8 25. N3d2 Kf8 26. bxc5 dxc5 27. c4 Ke8 28. cxb5 Nxb5 29. Rxd7 Kxd7 30. Bxb5+ {Kashdan,I-Balogh,J Hamburg 1930 1-0 (54)}) 16. Bh6 Re8 17. Ng3 Nd7 18. Nh2 f6 19. Be3 Nb6 20. axb5 axb5 21. Bd3 Bd7 22. Qd2 Nf7 23. Rxa7 Qxa7 24. Qe2 Qa6 25. Ng4 Kg7 26. Bc1 Na4 27. Bc2 Ra8 28. Qe3 c4 29. Rf1 Nc5 30. Nh6 Ng5 31. f4 exf4 32. Qxf4 Bxh3 33. Qh4 Bd7 34. e5 dxe5 35. Nh5+ gxh5 36. Qxg5+ fxg5 37. Rf7+ Kxh6 38. Rxh7# 1-0

[Event "David Loever Memorial Group A"]
[Site "Vikersund"]
[Date "2003.08.09"]
[Round "3"]
[White "Scheerer, Christoph"]
[Black "Carlsen, Magnus"]
[Result "1/2-1/2"]
[WhiteElo "2391"]
[BlackElo "2385"]
[PlyCount "107"]
[EventDate "2003.08.09"]
[EventType "swiss"]
[EventRounds "5"]
[EventCountry "NOR"]
[SourceTitle "EXT 2023"]
[Source "ChessBase"]
[SourceDate "2022.10.05"]
[SourceVersion "1"]
[SourceVersionDate "2022.10.05"]
[SourceQuality "1"]

1. e4 c5 2. c3 Nf6 3. e5 Nd5 4. Nf3 Nc6 5. d4 cxd4 6. Bc4 Nb6 7. Bb3 d5 8. exd6 Qxd6 9. O-O Be6 10. Na3 Bxb3 11. Qxb3 e6 12. Rd1 Be7 13. Be3 ({RR} 13. Nb5 Qb8 14. Nbxd4 O-O 15. Nxc6 bxc6 16. Bg5 Bxg5 17. Nxg5 Qf4 18. Nf3 Rfd8 19. Nd4 Qc7 20. Nc2 h6 21. Ne3 Nd5 22. Nc4 Nb6 23. g3 Nxc4 24. Qxc4 Rd7 25. Rd4 Rxd4 26. cxd4 Rd8 27. Rc1 Qb6 {Blatny,P (2525)-Pigusov,E (2570) Philadelphia 1994 ½-½ (58)}) ({RR} 13. Nb5 Qb8 14. Nbxd4 Nxd4 15. Nxd4 O-O 16. a4 Nd5 17. Nf3 a6 18. Bg5 Bxg5 19. Nxg5 h6 20. Nf3 Qc7 21. Rd4 b5 22. axb5 axb5 23. Rad1 Rfb8 24. h3 Qc5 25. Qc2 Rc8 26. Qe2 Ra2 27. R1d2 Rb8 {De la Colina,N (2118)-Vakhlamov,I (2413) Chess.com INT 2022 0-1 (76)}) 13... O-O $146 ({RR} 13... Qd5 14. Nxd4 Bxa3 15. bxa3 O-O 16. Nf3 Na5 17. Qb4 Nc6 18. Qb3 Na5 19. Qb1 Qc6 20. Ng5 f5 21. Re1 Rae8 22. Bxb6 axb6 23. Nf3 Nc4 24. Qb4 e5 25. Rad1 Re6 26. a4 Rc8 27. Qb5 h6 28. Rd5 {Smagin,S (2550)-Beshukov,S (2445) St Petersburg 1993 1-0 (39)}) 14. Nxd4 Nxd4 15. Bxd4 Qc6 16. Nb5 Bc5 17. Rd3 Bxd4 18. Nxd4 Qc4 19. Qxc4 Nxc4 20. b3 Ne5 21. Rd2 Rfd8 22. Rad1 g5 23. c4 a5 24. Nf3 Rxd2 25. Rxd2 Nxf3+ 26. gxf3 b6 27. Rd7 Rc8 28. Rd6 Rb8 29. Rc6 Kf8 30. Kf1 h6 31. Ke2 Ke7 32. Rc7+ Kf6 33. a3 Kg6 34. Rd7 f6 35. Ke3 Kf5 36. b4 axb4 37. axb4 Ke5 38. Ra7 Rc8 39. Kd3 Rd8+ 40. Kc3 Kf4 41. Rf7 f5 42. Rf6 Rd6 43. c5 bxc5 44. bxc5 Ra6 45. Kc4 Kxf3 46. Kb5 Ra1 47. Rxe6 Kxf2 48. Rxh6 f4 49. Rg6 f3 50. Rxg5 Ke3 51. Rf5 f2 52. Rxf2 Kxf2 53. c6 Kf3 54. c7 1/2-1/2

[Event "Schwarzach op-A 18th"]
[Site "Salzburg"]
[Date "2003.08.25"]
[Round "3.2"]
[White "Zelcic, Robert"]
[Black "Carlsen, Magnus"]
[Result "1-0"]
[WhiteElo "2543"]
[BlackElo "2385"]
[PlyCount "77"]
[EventDate "2003.08.23"]
[EventType "swiss"]
[EventRounds "9"]
[EventCountry "AUT"]
[SourceTitle "EXT 2004"]
[Source "ChessBase"]
[SourceDate "2003.11.25"]
[SourceVersion "1"]
[SourceVersionDate "2003.11.25"]
[SourceQuality "1"]

1. e4 c5 2. Nf3 Nc6 3. d4 cxd4 4. Nxd4 Nf6 5. Nc3 e5 6. Ndb5 d6 7. Nd5 Nxd5 8. exd5 Nb8 9. c4 Be7 10. Bd3 O-O 11. O-O a6 12. Nc3 f5 13. f3 Nd7 14. Kh1 Bg5 15. b4 Bxc1 ({RR} 15... a5 16. a3 axb4 17. Bxg5 Qxg5 18. axb4 Rxa1 19. Qxa1 Qe3 20. Be2 b5 21. Qc1 Qxc1 22. Rxc1 bxc4 23. Nb5 Bb7 24. Nxd6 Bxd5 25. Bxc4 Bxc4 26. Rxc4 e4 27. fxe4 fxe4 28. Kg1 e3 29. Re4 Nf6 30. Rxe3 {Leko,P (2736)-Kramnik,V (2807) Monte Carlo 2003 ½-½ (32)}) ({RR} 15... b6 16. Qe2 Qf6 17. Bxg5 Qxg5 18. f4 Qh6 19. Rae1 e4 20. Bc2 Nf6 21. h3 Bd7 22. Qe3 Rac8 23. Bb3 Ng4 24. Qxb6 Qh4 25. Kg1 e3 26. Ne2 Rce8 27. Qxd6 Bc8 28. hxg4 Rf6 29. Qxf6 gxf6 30. c5 {Ivannikov,M (2100)-Bulgak,D (2254) chess.com INT 2025 1-0 (36)}) 16. Rxc1 e4 $146 ({RR} 16... Qh4 17. Qc2 Qg5 18. Na4 a5 19. c5 axb4 20. c6 Rxa4 21. Qxa4 Nc5 22. Qd1 bxc6 23. dxc6 Be6 24. Bc4 Qe7 25. Bxe6+ Qxe6 26. c7 Qe7 27. Qd5+ Kh8 28. Qc6 Rc8 29. Rfd1 Qxc7 30. Qxc7 Rxc7 31. Rxd6 {Strzemiecki,Z (2306)-Mondrzycki,B (1945) Szklarska Poreba 2007 1-0 (36)}) ({RR} 16... Qh4 17. Qc2 g6 18. Qf2 Qxf2 19. Rxf2 b6 20. Bc2 a5 21. a3 axb4 22. axb4 Ba6 23. Ba4 Nb8 24. Bb5 Bxb5 25. Nxb5 Rd8 26. Kg1 Ra4 27. Rb2 Kf8 28. c5 dxc5 29. bxc5 bxc5 30. Nc7 Ke7 31. Rb7 {Dauletova,G (2218)-Kornyukov,A (2437) Taganrog 2014 ½-½ (42)}) 17. fxe4 f4 18. Ne2 g5 19. Nd4 Ne5 20. Nf5 Qf6 21. c5 Bxf5 22. exf5 Nxd3 23. Qxd3 Qxf5 24. Qd2 Rac8 25. c6 Rf7 26. a4 Re7 27. h3 Kf7 28. b5 axb5 29. axb5 bxc6 30. dxc6 Qxb5 31. Qxd6 Qe5 32. Qb4 Qf6 33. Qa5 Kg7 34. c7 h6 35. Rc5 Re3 36. Qd2 Qe6 37. Rd1 Kf7 38. Kh2 Ke7 39. Qd8+ 1-0

[Event "Schwarzach op-A 18th"]
[Site "Salzburg"]
[Date "2003.08.28"]
[Round "6.2"]
[White "Carlsen, Magnus"]
[Black "Shchekachev, Andrei"]
[Result "1/2-1/2"]
[WhiteElo "2385"]
[BlackElo "2550"]
[PlyCount "68"]
[EventDate "2003.08.23"]
[EventType "swiss"]
[EventRounds "9"]
[EventCountry "AUT"]
[SourceTitle "EXT 2004"]
[Source "ChessBase"]
[SourceDate "2003.11.25"]
[SourceVersion "1"]
[SourceVersionDate "2003.11.25"]
[SourceQuality "1"]

1. e4 g6 2. d4 Bg7 3. Nc3 d6 4. Nf3 Nf6 5. Be2 O-O 6. O-O Nc6 7. Be3 Ng4 ({RR} 7... a6 8. a4 e5 9. dxe5 dxe5 10. Qxd8 Rxd8 11. Rfd1 Bg4 12. h3 Bxf3 13. Bxf3 Nd4 14. Bxd4 exd4 15. Nd5 Nd7 16. Nxc7 Rac8 17. Nd5 Rxc2 18. b4 d3 19. Rac1 Bh6 20. Ne3 Rxc1 21. Rxc1 Ne5 22. Kf1 {Kostolansky,S (2393)-Shchekachev,A (2515) Tornelo INT 2021 ½-½ (66)}) 8. Bg5 h6 9. Bc1 ({RR} 9. Bh4 a6 10. Re1 g5 11. Bg3 e5 12. dxe5 Ngxe5 13. Nxe5 Nxe5 14. Nd5 f5 15. exf5 Bxf5 16. c3 Kh8 17. f4 gxf4 18. Nxf4 Qg5 19. Nh5 Rae8 20. Bf4 Qg6 21. Qd2 Bg4 22. Nxg7 Bxe2 23. Bxe5 Rxe5 {Guseinov,G (2634)-Mamedyarov,S (2736) Berlin 2015 ½-½}) ({RR} 9. Bh4 Nf6 10. Qd2 Bg4 11. Rfe1 a6 12. Rad1 Nd7 13. Qe3 Nb4 14. Rd2 c5 15. dxc5 Nxc5 16. a3 Nc6 17. h3 Bxc3 18. bxc3 Bxf3 19. Bxf3 Kg7 20. Be2 Qa5 21. c4 Nxe4 22. Rd5 Qxe1+ 23. Kh2 Nf6 {Bus,T (2119)-Skotheim,A (2224) chess.com INT 2025 0-1}) 9... e6 $146 ({RR} 9... e5 10. dxe5 Ngxe5 11. Nxe5 Nxe5 12. Be3 Kh7 13. Bd4 f5 14. f4 Nc6 15. Bxg7 Kxg7 16. Bf3 fxe4 17. Bxe4 Bf5 18. Qd3 Qd7 19. Nd5 Bxe4 20. Qxe4 Rae8 21. Qc4 Qf7 22. Rae1 Kh7 23. Rxe8 Rxe8 24. Rd1 {Curtis,J (2292)-Saveliev,A (2386) Chess.com INT 2022 0-1 (53)}) ({RR} 9... e5 10. dxe5 Ngxe5 11. Nxe5 dxe5 12. Qxd8 Rxd8 13. Nd5 Nd4 14. Bd3 Rd7 15. f4 c6 16. Nc3 exf4 17. Bxf4 Ne6 18. Be3 b5 19. Rad1 Bb7 20. Be2 Nd4 21. Bg4 Rdd8 22. Rd2 h5 23. Bh3 c5 24. Nd5 {Schneider,I (2481)-Mamedov,R (2657) Berlin 2015 0-1 (83)}) 10. h3 Nf6 11. Be3 b6 12. e5 dxe5 13. Nxe5 Ne7 14. Bf3 Nfd5 15. Nxd5 exd5 16. Bf4 Be6 17. Re1 Rc8 18. c3 c5 19. Qd2 Kh7 20. Rad1 Re8 21. Be2 c4 22. b3 b5 23. Bf3 Nf5 24. bxc4 bxc4 25. Rb1 Nd6 26. Ng4 h5 27. Bg5 Qd7 28. Nf6+ Bxf6 29. Bxf6 Bf5 30. Rbc1 Be4 31. Be2 Re6 32. Be5 f6 33. Bh2 Rce8 34. Bf1 g5 1/2-1/2

[Event "Schwarzach op-A 18th"]
[Site "Salzburg"]
[Date "2003.08.31"]
[Round "9.3"]
[White "Carlsen, Magnus"]
[Black "Ivanov, Mikhail M"]
[Result "1/2-1/2"]
[WhiteElo "2385"]
[BlackElo "2406"]
[PlyCount "98"]
[EventDate "2003.08.23"]
[EventType "swiss"]
[EventRounds "9"]
[EventCountry "AUT"]
[SourceTitle "EXT 2004"]
[Source "ChessBase"]
[SourceDate "2003.11.25"]
[SourceVersion "1"]
[SourceVersionDate "2003.11.25"]
[SourceQuality "1"]

1. e4 e5 2. Nf3 Nf6 3. d4 Nxe4 4. dxe5 d5 5. Nbd2 Nxd2 6. Qxd2 c5 7. Bd3 ({RR} 7. c3 Nc6 8. Qf4 h6 9. Bd3 Be6 10. O-O g5 11. Qe3 Qc7 12. b4 g4 13. Nh4 Qxe5 14. bxc5 O-O-O 15. Nf5 Bxc5 16. Qxc5 Bxf5 17. Bb5 Qd6 18. Ba3 Qxc5 19. Bxc5 Kc7 20. f3 gxf3 21. Rxf3 Be6 {Harikrishna,P (2726)-Caruana,F (2828) Saint Louis 2019 0-1 (54)}) ({RR} 7. c4 d4 8. Bd3 Be7 9. O-O Nc6 10. Re1 ({RR} 10. Qf4 Be6 11. Qg3 Qd7 ({RR} 11... Qc7 12. Ng5 Bxg5 13. Bxg5 h6 14. Bd2 g5 15. Rfe1 O-O-O 16. a3 Qd7 17. b4 Bf5 18. b5 Ne7 19. a4 Bxd3 20. Qxd3 Kb8 21. e6 fxe6 22. Re5 Rhf8 23. Rae1 Rf6 24. Rxc5 Ng6) 12. Bd2 h6 13. a3 g5 14. Rfb1 g4 15. Ne1 O-O-O 16. b4 Rdg8 17. Ra2 h5 18. Qf4 h4 19. g3 Rh5 20. bxc5 Rxe5 21. Qh6 Qd8 22. f4 Rxc5 23. Qh7 hxg3 24. hxg3 Rh8) 10... Be6 11. a3 h6 12. Qe2 Qd7 13. Nd2 a5 14. Ne4 a4 15. Bd2 Na5 16. Bxa5 Rxa5 17. f4 g6 18. Nf6+ Bxf6 19. exf6 Ra6 20. g4 Qd8 21. f5 gxf5 {Ragger,M (2567)-Laurusas,T (2504) Rhodes GRE 2025 1-0 (40)}) 7... Nc6 8. O-O h6 9. Bb5 $146 ({RR} 9. Re1 Be6 10. c3 Qd7 11. a3 g5 12. h3 O-O-O 13. b4 Rg8 14. Rb1 g4 15. hxg4 Rxg4 16. Qc2 c4 17. Bh7 d4 18. b5 Qd5 19. bxc6 Qxf3 20. Be4 Qxc3 21. cxb7+ Kb8 22. Qxc3 dxc3 23. f3 Rxe4 {Audi,A (2347)-Nikcevic,N (2429) Djenovici 2018 0-1 (36)}) ({RR} 9. c4 dxc4 10. Bxc4 Qxd2 11. Bxd2 Be6 12. b3 O-O-O 13. Bc3 Bxc4 14. bxc4 Nd4 15. Bxd4 cxd4 16. Rad1 d3 17. Rb1 Bc5 18. Rfd1 Rd7 19. Rb5 b6 20. Rb3 Rhd8 21. Kf1 g5 22. h3 Kc7 23. Ne1 Bd4 {Chylewski,P (2275)-Grabarczyk,M (2392) Jastrzebia Gora 2018 ½-½}) 9... Be6 10. c4 dxc4 11. Qc2 Be7 12. Bxc4 Qc8 13. Be3 b6 14. Bb5 O-O 15. Qe4 Nb4 16. a3 Bf5 17. Qf4 Nd5 18. Qg3 Nxe3 19. fxe3 Qe6 20. Qf4 Bh7 21. Bc4 g5 22. Bxe6 gxf4 23. Bd5 fxe3 24. Bxa8 Rxa8 25. Rfd1 c4 26. Rd7 Bc5 27. Kf1 Bf5 28. Rd5 Be4 29. Rd7 Bf5 30. Rd5 Be6 31. Rdd1 a5 32. Rac1 a4 33. Nd4 Bg4 34. Nf3 Be6 35. Nd4 Bg4 36. Ne2 b5 37. Rd5 Rc8 38. h3 Be6 39. Rdd1 b4 40. axb4 Bxb4 41. Nd4 Bd2 42. Rc2 Bd7 43. Ke2 a3 44. bxa3 Ba4 45. Rb1 c3 46. Rb7 Bxc2 47. Nxc2 Rc5 48. Re7 h5 49. a4 Kg7 1/2-1/2

[Event "EU-ch U14"]
[Site "Budva"]
[Date "2003.09.15"]
[Round "3"]
[White "Carlsen, Magnus"]
[Black "Olszewski, Michal"]
[Result "1-0"]
[WhiteElo "2385"]
[BlackElo "2227"]
[PlyCount "129"]
[EventDate "2003.09.13"]
[EventType "swiss"]
[EventRounds "9"]
[EventCountry "YUG"]
[SourceTitle "CBM 096 Extra"]
[Source "ChessBase"]
[SourceDate "2003.10.22"]
[SourceVersion "2"]
[SourceVersionDate "2003.10.20"]
[SourceQuality "1"]

1. e4 e5 2. Nf3 Nc6 3. Bb5 a6 4. Ba4 Nf6 5. O-O Be7 6. Qe2 b5 7. Bb3 O-O 8. c3 d6 9. Rd1 Na5 10. Bc2 c5 11. d4 Qc7 12. d5 Ne8 13. b4 ({RR} 13. Nbd2 g6 14. Nf1 Ng7 15. Ng3 Nc4 16. a4 Bd7 17. Bd3 Na5 18. axb5 c4 19. Bc2 axb5 20. Bh6 Rfb8 21. Qd2 Nb7 22. Ng5 Nc5 23. Kh1 f6 24. Nf3 Ra5 25. Rdb1 Kf7 26. Ne1 Na6 27. Qc1 b4 {Jablonski,P (1793)-Marcinkowski,A (1918) Lazy POL 2025 0-1 (53)}) 13... cxb4 14. cxb4 Nc4 15. a4 bxa4 $146 ({RR} 15... Rb8 16. Bd3 f5 17. axb5 axb5 18. Nc3 fxe4 19. Nxe4 Bg4 20. Bg5 Bxg5 21. Nexg5 h6 22. h3 Bxf3 23. Nxf3 Nf6 24. Rdc1 e4 25. Bxc4 bxc4 26. Nd4 Nxd5 27. Ne6 Nf4 28. Nxf4 Rxf4 29. Qxc4+ Qxc4 30. Rxc4 {Hristodoulou,P (2119)-Pavlidis,A (2330) Peristeri 2010 ½-½ (34)}) 16. Bd3 Nb6 17. Be3 Qb7 18. b5 a5 19. Nc3 Bd7 20. Rdc1 Rc8 21. Bxb6 Qxb6 22. Nxa4 Rxc1+ 23. Rxc1 Qb7 24. Nd2 Bd8 25. Rc6 g6 26. Nc4 Bxc6 27. bxc6 Qb4 28. Bc2 Nc7 29. g3 Nb5 30. Ne3 Nd4 31. Qd1 f5 32. exf5 gxf5 33. Kg2 Kh8 34. Bb1 f4 35. Be4 Nb3 36. Bxh7 f3+ 37. Kg1 Kxh7 38. Qc2+ Kh6 39. c7 Bxc7 40. Qxc7 Nd4 41. Ng4+ Kg6 42. h3 Nf5 43. Nc3 a4 44. Qc6 Qd4 45. Kh2 Rh8 46. Kg1 a3 47. Qd7 Rf8 48. Qe6+ Kg7 49. Qd7+ Rf7 50. Qd8 Re7 51. Ne3 Kg6 52. Nxf5 Qxc3 53. Nxe7+ Kf7 54. Kh2 Qb2 55. h4 Qxf2+ 56. Kh3 Qg2+ 57. Kg4 f2 58. Qd7 Qe4+ 59. Kg5 Qe3+ 60. Kh5 Qf3+ 61. g4 Qf6 62. Ng6+ Kg8 63. Kh6 Qxh4+ 64. Nxh4 f1=Q 65. Qg7# 1-0

[Event "EU-ch U14"]
[Site "Budva"]
[Date "2003.09.16"]
[Round "4"]
[White "Bindrich, Falko"]
[Black "Carlsen, Magnus"]
[Result "1/2-1/2"]
[WhiteElo "2334"]
[BlackElo "2385"]
[PlyCount "230"]
[EventDate "2003.09.13"]
[EventType "swiss"]
[EventRounds "9"]
[EventCountry "YUG"]
[SourceTitle "CBM 096 Extra"]
[Source "ChessBase"]
[SourceDate "2003.10.22"]
[SourceVersion "2"]
[SourceVersionDate "2003.10.20"]
[SourceQuality "1"]

1. e4 c5 2. Nf3 d6 3. d4 Nf6 4. Nc3 cxd4 5. Nxd4 a6 6. Be3 e5 7. Nb3 Be6 8. f3 Be7 9. Qd2 h5 10. O-O-O Nbd7 11. Bg5 Qc7 12. Kb1 b5 13. a3 Rc8 14. Nc1 $146 ({RR} 14. h4 Nb6 15. Bxf6 Bxf6 16. Qxd6 Qa7 17. Na5 Be7 18. Qxe5 O-O 19. Nd5 Bxd5 20. exd5 Bf6 21. Qf5 Na4 22. Bd3 Rfe8 23. Qh7+ Kf8 24. Bf5 Nc3+ 25. bxc3 Qc5 26. Qh8+ Ke7 27. d6+ Kd8 28. Qxe8+ Kxe8 {Demchenko,A (2610)-Perez Gormaz,M (2413) Chess.com INT 2021 1-0}) ({RR} 14. h4 Nb6 15. Bxf6 Bxf6 16. Qxd6 Qa7 17. Na5 Be7 18. Qxe5 O-O 19. Nd5 Bxd5 20. exd5 Bf6 21. Qf5 Na4 22. Bd3 Rfe8 23. Qh7+ Kf8 24. Bf5 Nc3+ 25. bxc3 Qc5 26. Qh8+ Ke7 27. d6+ Kd8 28. Qxe8+ Kxe8 {Demchenko,A (2610)-Perez Gormaz,M (2413) Chess.com INT 2021 1-0}) 14... Qb7 15. N1a2 O-O 16. h3 Nb6 17. g4 Rfd8 18. Bxf6 Bxf6 19. Nb4 Rc5 20. Nbd5 Bxd5 21. Nxd5 Nxd5 22. exd5 Rdc8 23. Bd3 e4 24. Bxe4 b4 25. axb4 Rc4 26. c3 Rxc3 27. g5 Be5 28. f4 R3c4 29. fxe5 Rxe4 30. exd6 Rxb4 31. Rc1 Rb8 32. Rc2 Qd7 33. Qd3 Rb3 34. Qe4 R8b4 35. Qe5 Kh7 36. h4 a5 37. Rf1 Rb7 38. Qe4+ g6 39. Qe7 Qxe7 40. dxe7 Rxe7 41. d6 Reb7 42. Rd1 Rd7 43. Rc7 Rd8 44. Rxf7+ Kg8 45. Rf6 Kg7 46. d7 Rb7 47. Rdd6 Rdxd7 48. Rxg6+ Kh7 49. Rh6+ Kg7 50. Rxd7+ Rxd7 51. Rxh5 Rd4 52. Kc2 a4 53. Rh6 Rc4+ 54. Kb1 Rd4 55. Ka2 Rb4 56. Ka1 Rd4 57. Kb1 Rb4 58. Kc2 Rc4+ 59. Kd3 Rb4 60. Kc3 Rb3+ 61. Kc2 Rb4 62. h5 Rh4 63. Kc3 Rh3+ 64. Kd4 Rh4+ 65. Kd3 Rh3+ 66. Ke4 Rh4+ 67. Kf5 Rb4 68. Rg6+ Kh7 69. Ra6 Rxb2 70. Ra7+ Kg8 71. Rxa4 Rb5+ 72. Kg4 Rb1 73. Re4 Kg7 74. Kf5 Rf1+ 75. Rf4 Ra1 76. Rf3 Rh1 77. Kg4 Rg1+ 78. Rg3 Ra1 79. Rc3 Rg1+ 80. Rg3 Ra1 81. Rd3 Rg1+ 82. Kf4 Rf1+ 83. Kg4 Rg1+ 84. Kf3 Rf1+ 85. Kg2 Rf5 86. Rg3 Ra5 87. Kh3 Ra1 88. Rb3 Rh1+ 89. Kg4 Rg1+ 90. Kf4 Rf1+ 91. Rf3 Rh1 92. Kf5 Rxh5 93. Ra3 Rh1 94. Ra7+ Kf8 95. Kg6 Rg1 96. Ra8+ Ke7 97. Kh6 Kf7 98. Ra7+ Kg8 99. Rb7 Kf8 100. Kg6 Rg2 101. Rf7+ Kg8 102. Rg7+ Kf8 103. Rh7 Kg8 104. Ra7 Kf8 105. Ra4 Rg1 106. Rh4 Kg8 107. Kh6 Ra1 108. Rb4 Ra6+ 109. Kh5 Kg7 110. Rb7+ Kg8 111. Rc7 Rb6 112. Rc8+ Kg7 113. Ra8 Rc6 114. Ra7+ Kg8 115. g6 Rc1 1/2-1/2

[Event "EU-ch U14"]
[Site "Budva"]
[Date "2003.09.17"]
[Round "5"]
[White "Carlsen, Magnus"]
[Black "Krivoborodov, Egor"]
[Result "1-0"]
[WhiteElo "2385"]
[BlackElo "2298"]
[PlyCount "85"]
[EventDate "2003.09.13"]
[EventType "swiss"]
[EventRounds "9"]
[EventCountry "YUG"]
[SourceTitle "CBM 096 Extra"]
[Source "ChessBase"]
[SourceDate "2003.10.22"]
[SourceVersion "2"]
[SourceVersionDate "2003.10.20"]
[SourceQuality "1"]

1. e4 c6 2. d4 d5 3. Nc3 dxe4 4. Nxe4 Bf5 5. Ng3 Bg6 6. h4 h6 7. Nf3 Nf6 8. Ne5 Bh7 9. Bd3 Nbd7 10. Bxh7 Nxe5 11. dxe5 Qa5+ 12. c3 $146 ({RR} 12. Kf1 Nxh7 13. e6 Qb5+ 14. Kg1 Nf6 15. exf7+ Kxf7 16. b3 Qd5 17. Qe2 Rd8 18. Be3 e6 19. c4 Qe5 20. Kh2 h5 21. Qf3 Bc5 22. Bxc5 Qxc5 23. Rhe1 Rd4 24. Kg1 Rxh4 25. Rad1 Rd4 26. Ne4 Rxd1 {Shomoev,A (2486)-Yevseev,D (2554) St Petersburg 2004 ½-½ (34)}) ({RR} 12. Kf1 Nxh7 13. e6 Nf6 14. exf7+ Kxf7 15. Qe2 Rd8 16. Be3 e6 17. c3 Bd6 18. Rh3 Qa4 19. Bd4 e5 20. Be3 Rhe8 21. Nh5 Be7 22. Rg3 g6 23. Nxf6 Bxf6 24. Rg4 Qb5 25. c4 Qb4 26. Kg1 h5 {Leko,P (2723)-Mamedyarov,S (2765) Beijing 2014 1-0 (47)}) ({RR} 12. Kf1 Nxh7 13. e6 Qd5 14. Qxd5 cxd5 15. Be3 fxe6 16. Bd4 e5 17. Bxe5 e6 18. Ke2 Kf7 19. Nh5 Nf6 20. Nf4 Rc8 21. c3 Rc4 22. Nd3 Nd7 23. Bg3 Be7 24. f3 Bf6 25. Rad1 a5 26. Kf2 Rhc8 {Ronka,E (2297)-Olsen,F (2428) chess.com INT 2023 0-1 (57)}) 12... Qxe5+ 13. Be4 Nxe4 14. Qe2 Nc5 15. Be3 O-O-O 16. O-O e6 17. Rad1 Be7 18. Qf3 Qf6 19. Qg4 b6 20. b4 Nd7 21. Bd4 e5 22. Be3 Qe6 23. Nf5 Kc7 24. Qf3 g6 25. Nxe7 Qxe7 26. a4 f5 27. b5 Qe6 28. Rfe1 Qc4 29. h5 f4 30. Bc1 g5 31. Ba3 g4 32. Qxg4 Rhg8 33. Qf3 Nf6 34. Rxe5 Rxd1+ 35. Qxd1 Nd5 36. bxc6 Kxc6 37. Qf3 Qb3 38. Bc1 Rd8 39. Bxf4 Qxa4 40. Re6+ Kb7 41. Re7+ Ka8 42. Bc7 Rd7 43. c4 1-0

[Event "EU-ch U14"]
[Site "Budva"]
[Date "2003.09.19"]
[Round "6"]
[White "Andreikin, Dmitry"]
[Black "Carlsen, Magnus"]
[Result "0-1"]
[WhiteElo "2400"]
[BlackElo "2385"]
[PlyCount "100"]
[EventDate "2003.09.13"]
[EventType "swiss"]
[EventRounds "9"]
[EventCountry "YUG"]
[SourceTitle "CBM 096 Extra"]
[Source "ChessBase"]
[SourceDate "2003.10.22"]
[SourceVersion "2"]
[SourceVersionDate "2003.10.20"]
[SourceQuality "1"]

1. e4 c5 2. Nf3 Nc6 3. d4 cxd4 4. Nxd4 Nf6 5. Nc3 e5 6. Ndb5 d6 7. Bg5 a6 8. Na3 b5 9. Nd5 Be7 10. Bxf6 Bxf6 11. c3 O-O 12. Nc2 Rb8 13. g3 Bg5 14. Bg2 a5 15. O-O Ne7 16. f4 ({RR} 16. Nce3 Be6 17. Nxe7+ Qxe7 18. Nf5 Qd8 19. Qxd6 g6 20. Qxd8 Rfxd8 21. h4 Bf6 22. Ne3 Rd2 23. b3 a4 24. Rfd1 Rxd1+ 25. Rxd1 axb3 26. axb3 Bxb3 27. Rb1 Ba2 28. Rb2 Be6 29. Bf3 Be7 30. Bg4 Bxg4 {Nakamura,H (2760)-Rapport,R (2764) Madrid 2022 ½-½ (96)}) 16... Nxd5 17. Qxd5 Be6 $146 ({RR} 17... Qb6+ 18. Kh1 Bb7 19. Qd2 exf4 20. gxf4 Bf6 21. Rad1 Rfe8 22. Rfe1 b4 23. cxb4 axb4 24. Nxb4 Bh4 25. Re2 Bc8 26. Nd5 Qa7 27. Bf3 Qxa2 28. Rg2 g6 29. f5 Qb3 30. Qf4 Bb7 31. Nc3 Be7 32. Rdg1 {Gosh,C (2018)-Mohammad,J (2129) Dhaka BAN 2025 1-0 (48)}) 18. Qd2 Bh6 19. Ne3 Qb6 20. Kh1 Qc5 21. b4 Qc7 22. Rad1 Rbc8 23. bxa5 Qxa5 24. Qxd6 exf4 25. gxf4 Qxa2 26. Qe5 g6 27. Qxb5 Rxc3 28. Nd5 Bh3 29. Rg1 Rc2 30. Qf1 Rf2 31. Qxf2 Qxf2 32. Bxh3 Bxf4 33. Rg2 Qh4 34. Rg4 Qxh3 35. Rxf4 Rb8 36. Rf2 Rb2 37. Rdf1 Qd3 38. Nf6+ Kg7 39. Kg2 Qd4 40. Ne8+ Kf8 41. Rxb2 Qxb2+ 42. Rf2 Qxf2+ 43. Kxf2 Kxe8 44. Kf3 Ke7 45. Kf4 Ke6 46. Kg5 Ke5 47. h4 Kxe4 48. Kf6 Kf4 49. Kxf7 Kg4 50. Kg7 Kxh4 0-1